| 000 | 01041cam a2200337 a 4500 | ||
|---|---|---|---|
| 005 | 20260322212009.0 | ||
| 008 | data | ||
| 010 | _a 82016927 | ||
| 020 | _a0874772362 (pbk.) | ||
| 020 | _a0874771862 | ||
| 020 | _a9780874771862 | ||
| 020 | _a9780874772364 (pbk.) | ||
| 040 |
_aDLC _cDLC _dDLC |
||
| 050 | 0 | 0 |
_aPE1408 _b.R566 1983 |
| 082 | 0 | 0 |
_a808/.042 _219 |
| 092 | _a808.042 R566 1983 | ||
| 100 | 1 | _aRico, Gabriele L. | |
| 245 | 1 | 0 |
_aWriting the natural way : _busing right-brain techniques to release your expressive powers / _cGabriele L. Rico. |
| 250 | _a1st ed. | ||
| 260 |
_aLos Angeles, Calif. : _bJ.P. Tarcher, _cc1983. |
||
| 300 |
_a287 p. : _bill. ; _c24 cm. |
||
| 500 | _aIncludes index. | ||
| 504 | _aBibliography: p. 280-283. | ||
| 650 | 0 |
_aEnglish language _xRhetoric. |
|
| 650 | 0 | _aLeft and right (Psychology) | |
| 650 | 0 | _aCreative writing. | |
| 650 | 0 | _aExpression. | |
| 906 |
_a7 _bcbc _corignew _d1 _eocip _f19 _gy-gencatlg |
||
| 991 |
_bc-GenColl _hPE1408 _i.R566 1983 _p00013678479 _tCopy 1 _wBOOKS |
||
| 001 | data | ||
| 999 |
_c186 _d186 |
||